Ο άλλος εν διωγμώ : η εικόνα του Εβραίου στη λογοτεχνία : ζητήματα ιστορίας και μυθοπλασίας
Αποθηκεύτηκε σε:
| Κύριος συγγραφέας: | |
|---|---|
| Μορφή: | Βιβλίο |
| Γλώσσα: | Greek |
| Δημοσίευση: |
[Αθήνα] :
Θεμέλιο,
[1998]
|
| Θέματα: | |
| Ετικέτες: |
Προσθήκη ετικέτας
Δεν υπάρχουν, Καταχωρήστε ετικέτα πρώτοι!
|
MARC
| LEADER | 00000cam a2200000 i 4500 | ||
|---|---|---|---|
| 001 | 1/57190 | ||
| 008 | 040609s1998 gr | ||| |||| ||gre|| | ||
| 020 | |a 960310230X | ||
| 035 | |l 10073728 | ||
| 040 | |a GR-MyUa |b gre |e AACR2 | ||
| 041 | 0 | |a gre | |
| 082 | 7 | |a 820.93 |2 (22) | |
| 100 | 1 | |a Αμπατζοπούλου, Φραγκίσκη, |d 1944- | |
| 245 | 1 | 2 | |a Ο άλλος εν διωγμώ : |b η εικόνα του Εβραίου στη λογοτεχνία : ζητήματα ιστορίας και μυθοπλασίας / |c Φραγκίσκη Αμπατζοπούλου. |
| 260 | |a [Αθήνα] : |b Θεμέλιο, |c [1998] | ||
| 300 | |a 366 σ. ; |c 21 εκ. | ||
| 504 | |a Περιέχει βιβλιογραφικές αναφορές και ευρετήριο. | ||
| 650 | 0 | |a Jews in literature. | |
| 650 | 0 | |a Prose literature |x History and criticism. | |
| 650 | 0 | |a Holocaust, Jewish (1939-1945), in literature. | |
| 650 | 0 | |a Judaism and literature. | |
| 852 | |a INST |b LESVOS |e 20070607 |h 809.93335 ΑΜΠ |p 005100038259 |q 005100038259 |t BK |y 0 | ||
| 852 | |a INST |b RHODES |e 20040609 |h 820.93 ΑΜΠ |p 005400018843 |q 005400018843 |t BK |y 0 | ||
| 901 | |a BIBL4-2004-2 | ||
| 901 | |a BIBL1-2007-2 | ||
| 922 | |a 1ΕΛΗ |b 200705 |c ΕΠΕΑΕΚ2/ΤΚΑ |d Σ. ΠΑΤΑΚΗΣ | ||
| 970 | |a ΚΟΥΛΑΚΙΟΤΗ |b ΛΙΤΣΑ |z 2004/06/09 | ||